Score 0/60 Timer 06:00
1 Play Today
% Correct
Kum Ba Yah
89.6%
Kum Ba Yah
89.6%
Kum Ba Yah
89.6%
Jesus Loves Me
88.5%
Jesus Loves Me
88.5%
Jesus Loves Me
88.5%
Rock Of Ages
86.7%
Rock of Ages
86.7%
Rock of Ages
86.7%
Onward Christian Soldiers
86.1%
Onward Christian Soldiers
86.1%
Onward Christian Soldiers
86.1%
We Three Kings
85.6%
We Three Kings
85.6%
We Three Kings
85.6%
On Eagle's Wings
83.9%
On Eagle's Wings
83.9%
On Eagle's Wings
83.9%
The First Noel
80.3%
The First Noel
80.3%
The First Noel
80.3%
Holy Holy Holy
80%
Holy Holy Holy
80%
Holy Holy Holy
80%
Morning Has Broken
77.9%
Morning Has Broken
77.9%
Morning Has Broken
77.9%
Abide With Me
77.2%
Abide With Me
77.2%
Abide With Me
77.2%
% Correct
We Gather Together
68.1%
We Gather Together
68.1%
We Gather Together
68.1%
Were You There
67.8%
Were You There
67.8%
Were You There
67.8%
Trust And Obey
67.5%
Trust And Obey
67.5%
Trust And Obey
67.5%
In The Garden
67.3%
In The Garden
67.3%
In The Garden
67.3%
Lead Me Lord
64.7%
Lead Me Lord
64.7%
Lead Me Lord
64.7%
Jesus Shall Reign
63.8%
Jesus Shall Reign
63.8%
Jesus Shall Reign
63.8%
Go Down Moses
62.9%
Go Down Moses
62.9%
Go Down Moses
62.9%
Fairest Lord Jesus
62.3%
Fairest Lord Jesus
62.3%
Fairest Lord Jesus
62.3%
Old Time Religion
62.1%
Old Time Religion
62.1%
Old Time Religion
62.1%
Sweet Sweet Spirit
61%
Sweet Sweet Spirit
61%
Sweet Sweet Spirit
61%
Remove Ads.
Support Sporcle.
Get the best of Sporcle when you Go Orange. This ad-free experience offers more features, more stats, and more fun while also helping to support Sporcle. Thank you for becoming a member.

You're not logged in!

Compare scores with friends on all Sporcle quizzes.
OR
Log In

Show Comments

Extras

Top Quizzes Today


Score Distribution

Your Account Isn't Verified!

In order to create a playlist on Sporcle, you need to verify the email address you used during registration. Go to your Sporcle Settings to finish the process.

Report this User

Report this user for behavior that violates our Community Guidelines.

Details: